000
00287nam a22001097a 4500
082
_a
621.39 HAR'F
100
_a
HAAS, G
_9
80416
245
_a
FUNDAMENTALS AND COMPONENTS OF ELECTRONIC DIGITAL COMPUTER
260
_a
GERMANY
_b
PHILIPS TECH LIBRARY
_c
1963
300
_a
X, 247P
942
_c
BK
999
_c
585356
_d
585356